Housing statistics: March quarter 2002 (Record no. 71488)
[ view plain ]
| 000 -LEADER | |
|---|---|
| fixed length control field | 00961cam a2200193 4500 |
| 001 - CONTROL NUMBER | |
| control field | WB3840-09 |
| 008 - FIXED-LENGTH DATA ELEMENTS--GENERAL INFORMATION | |
| fixed length control field | 021031n2002 000 0 eng u |
| 035 ## - SYSTEM CONTROL NUMBER | |
| System control number | (Sirsi) u120326 |
| 245 ## - TITLE STATEMENT | |
| Title | Housing statistics: March quarter 2002 |
| 260 ## - PUBLICATION, DISTRIBUTION, ETC. | |
| Date of publication, distribution, etc. | 2002 |
| 490 ## - SERIES STATEMENT | |
| Series statement | ODPM Statistical Release |
| Volume/sequential designation | (HS-Q1) 31 October 2002, (2) |
| 520 ## - SUMMARY, ETC. | |
| Summary, etc. | Housing Statistics March Quarter 2002 for England is a supplement to ODPM's annual compendium of statistics on housing. It includes housing renewals, disabled facilities grants, sales and transfer of local authority dwellings including right-to-buy, house prices, mortgage and land costs, and rents. Copies are available from +44 (0)870 600 5522 or can be downloaded from www.housing.odpm.gov.uk/statistics/publicat/housestats ODPM Statistical Release www.odpm.gov.uk/news/0210/hs-q1.htm |
| 590 ## - LOCAL NOTE (RLIN) | |
| Local note | WB |
| 650 ## - SUBJECT ADDED ENTRY--TOPICAL TERM | |
| Topical term or geographic name entry element | STATISTICS |
| 650 ## - SUBJECT ADDED ENTRY--TOPICAL TERM | |
| Topical term or geographic name entry element | RIGHT-TO-BUY |
| 650 ## - SUBJECT ADDED ENTRY--TOPICAL TERM | |
| Topical term or geographic name entry element | HOUSE PRICES |
| 690 ## - LOCAL SUBJECT ADDED ENTRY--TOPICAL TERM (OCLC, RLIN) | |
| Topical term or geographic name as entry element | HOUSING |
| 942 ## - ADDED ENTRY ELEMENTS (KOHA) | |
| Suppress in OPAC | 0 |
| Withdrawn status | Lost status | Source of classification or shelving scheme | Damaged status | Not for loan | Home library | Current library | Shelving location | Date acquired | Total Checkouts | Full call number | Barcode | Date last seen | Copy number | Price effective from | Koha item type |
|---|---|---|---|---|---|---|---|---|---|---|---|---|---|---|---|
| Dewey Decimal Classification | London | London | News article | 31/10/2002 | WB3840-09 | 120326-1001 | 06/08/2019 | 1 | 06/08/2019 | News article |